000 00562nam a2200181 i 4500
001 000029706
003 DO-SdBNP
005 20250130101503.0
007 ta
008 110425s1988 dr 000 0 spa d
040 _aDO-SdBNP
_bspa
_cBNPHU
082 4 _axxx
_bxxx
_222
110 1 _aRepública Dominicana.
_bSecretaría de Estado de Educación, Bellas Artes y Cultos
_923965
245 1 0 _aManual de marcha para escolares
264 1 _aSanto Domingo :
_bCentro de Capacitación Técnica Deportiva,
_c1988.
300 _a12 páginas ;
_c21 cm.
942 _2ddc
_cLF2
999 _c29198
_d29198